Detalles MARC
| 000 -LIDER |
| fixed length control field |
01002cam a2200361 c 4500 |
| 001 - NÚMERO DE CONTROL |
| Identificador de número de control |
a50562 |
| 003 - IDENTIFICACDOR DE NÚMERO DE CONTROL |
| control field |
DO-SdBNP |
| 005 - DATE AND TIME OF LATEST TRANSACTION |
| control field |
20171121134051.0 |
| 007 - CAMPOS FIJOS DE DESCRIPCIÓN FÍSICA |
| fixed length control field |
a50562 |
| 008 - ELEMENTOS DE LONGITUD FIJA |
| fixed length control field |
110601s2011 sp | |||| 001 0aspa |
| 015 ## - NÚMERO DENTRO DE LA BIBLIOGRAFÍA NACIONAL |
| National bibliography number |
|
| 017 ## - NÚMERO DE REGISTRO DE DERECHOS DE AUTOR |
| Copyright or legal deposit number |
|
| Assigning agency |
|
| 020 ## - ISBN |
| International Standard Book Number |
9788466320047 |
| 035 ## - NÚMERO LOCAL |
| System control number |
|
| 040 ## - FUENTE DE CATALOGACIÓN |
| Agencia que crea de manera original el registro |
BPMSU |
| Idioma de catalogación |
spa |
| Agencia que realiza la transcripción |
BPMSU |
| Convenciones de la despripción |
|
| 080 ## - NÚMERO DE CLASIFICACIÓN DECIMAL UNIVERSAL |
| Universal Decimal Classification number |
|
| 080 ## - NÚMERO DE CLASIFICACIÓN DECIMAL UNIVERSAL |
| Universal Decimal Classification number |
|
| 082 #4 - NÚMERO DE CLASIFICACIÓN DECIMAL DE DEWEY |
| Edition number |
|
| Classification number |
928.61 |
| Item number |
V297p, 2011 |
| 100 1# - ASIENTO PRINCIPAL -- NOMBRE PERSONAL |
| Nombre personal |
Vargas Llosa, Mario, |
| Fechas asociadas con el nombre |
1936- |
| 245 13 - MENCIÓN DE TITULO |
| Título |
El pez en el agua / |
| Medio (Designación general de material) |
|
| Mención de responsabilidad |
Mario Vargas Llosa |
| 250 ## - MENCIÓN DE EDICION |
| Mención de edición |
2a. ed. |
| 260 ## - PUBLICACIÓN, DISTRIBUCIÓN, ETC. (PIE DE IMPRENTA) |
| Lugar de publicación, distribución, etc |
[Madrid] : |
| Nombre del editor, distribuidor, etc. |
Santillana, |
| Fecha de publicación, distribución, etc |
2011 |
| 300 ## - DESCRIPCIÓN FÍSICA |
| Extensión |
618 p.: |
| Dimensiones |
19 cm |
| 490 1# - MENCIÓN DE SERIES |
| Mención de serie |
Punto de lectura |
| Volume/sequential designation |
4/16 |
| 500 ## - NOTA GENERAL |
| Nota general |
Incluye índice onomástico |
| 500 ## - NOTA GENERAL |
| Nota general |
Incluye datos biográficos del autor |
| 586 ## - AWARDS NOTE |
| Awards note |
Premio Nobel de Literatura, 2010 |
| 600 17 - ENCABEZAMIENTO DE MATERIA--NOMBRE PERSONAL |
| Nombre personal |
VARGAS LLOSA, MARIO, |
| Fechas asociadas con el nombre |
1936- |
| Fuente del encabezado o término |
|
| 830 #0 - ASIENTO SECUNDARIO DE SERIE--TÍTULO UNIFORME |
| Título uniforme |
Punto de lectura |
| Volume number/sequential designation |
4/16 |
| 942 ## - ADDED ENTRY ELEMENTS (KOHA) |
| Source of classification or shelving scheme |
Dewey Decimal Classification |
| Koha item type |
Libros |
| 945 ## - INFORMACIÓN DE PROCESAMIENTO LOCAL |
| Información de procesamiento local |
Inventariado extranjero / 2017 VM |
| 956 ## - LOCAL ELECTRONIC LOCATION AND ACCESS (OCLC) |
| Nombre de host |
VMATEO |
| Número de acceso |
10 |
| Información de compresión |
20160707 |
| Trayectoria |
BPMSU |
| Nombre Electrónico |
00069 |